000 00371nam a22001577a 4500
005 20251108170634.0
008 250721s1968 xx 000 0 eng d
082 1 4 _af/fan
100 1 _afanthorpe, r.l.
245 1 0 _aspace fury /
264 1 _aNew York :
_barcadia house,
_c1968.
300 _a192p.
650 1 7 _aenglish fiction
942 _2ddc
_cBK
999 _c45448
_d45448